000 00416nam a2200181Ia 4500
005 20240823011331.0
008 240823s9999||||xx |||||||||||||| ||und||
041 _aENGLISH
082 _A006.6 N4
100 _a"Botto,Francis"
245 0 _aMultimedia on your PC
250 _a1st
260 _c1994
_b"Sigma,U K"
500 _aYES
650 _aMultimedia
_bComputer Science
942 _cBK
999 _c161222
_d161222